00983cam a2200265 a 45000010009000000050017000090080041000260100017000670200015000840200018000990500022001170820021001391000032001602450087001922500012002792600058002913000034003494400068003835040051004516500030005026530022005329420012005549990017005669520134005831346094720121212115338.0040116s2003 enka b 001 0 eng  a 2004268292 a0198528523 a978019852852400aQA427b.S325 200300a629.836222bSCO1 aScott, Alwyn,d1931-93167010aNonlinear Science :bEmergence and Dynamics of Coherent Structures /cAlwyn Scott. a2nd ed. aOxford ;aNew York :bOxford University Press,c2003. axii, 480 p. :bill. ;c24 cm. 0aOxford texts in applied and engineering mathematics ;v8931671 aIncludes bibliographical references and index. 0aNonlinear theories.96166 bElecDecember2012 2ddccBB c17130d17102 00102ddc40708BaccahaMAINbMAINc1STd2012-12-12epurchaseg790.00h16596l0o629.836 SCOp000027871r2025-07-15 00:00:00yBB